00779nam a22002057a 4500003000500000005001700005008004100022010001000063011001000073035001000083040000900093100004500102245019900147260003800346300000900384502009500393650002700488650003100515650002700546CHAP20250903062742.0971013s1980 r 00010 d a14280 a15252 a19327 cCHAP00aCastrejón Pineda, Francisco Alejandro. aEnsayo de rendimiento y comparación de la producción de materia seca (M.S.) proteína cruda (P.C.) y total de nutrientes digestibles (T.N.D.) de cinco corrales forrajeros en el C.N.E.I.E.Z. aMéxico, D.F. :bEl autor,c1980 a79 h aTesis (Médico Veterinario Zootecnista) -- UNAM. Fac. de Medicina Veterinaria y Zootecnia14aCereales como forraje.17aForrajesxDigestibilidad214aForrajesxRendimiento.